Folk tales from Rajasthan, (Record no. 57446)

MARC details
000 -LEADER
fixed length control field 00607cam a22002051 4500
001 - CONTROL NUMBER
control field sa 64002660
003 - CONTROL NUMBER IDENTIFIER
control field DLC
005 - DATE AND TIME OF LATEST TRANSACTION
control field 20260227112011.0
008 - FIXED-LENGTH DATA ELEMENTS--GENERAL INFORMATION
fixed length control field 730430s1964 xx 000 0 eng
010 ## - LIBRARY OF CONGRESS CONTROL NUMBER
LC control number sa 64002660
015 ## - NATIONAL BIBLIOGRAPHY NUMBER
National bibliography number GB64-6881
035 ## - SYSTEM CONTROL NUMBER
System control number (OCoLC)612326
040 ## - CATALOGING SOURCE
Original cataloging agency DLC
Transcribing agency OAkU
Modifying agency Uk
-- DLC
050 00 - LIBRARY OF CONGRESS CALL NUMBER
Classification number PZ8.1.B535
Item number Fo
100 1# - MAIN ENTRY--PERSONAL NAME
Personal name Birla, L N
245 10 - TITLE STATEMENT
Title Folk tales from Rajasthan,
Statement of responsibility, etc. retold by L. N. Birla. Illustrated by Phani Bhushan.
260 ## - PUBLICATION, DISTRIBUTION, ETC.
Place of publication, distribution, etc. [Bombay, New York,
Name of publisher, distributor, etc. Asia Pub. House,
Date of publication, distribution, etc. 1964]
300 ## - PHYSICAL DESCRIPTION
Extent viii, 60 p.
Other physical details col. illus.
Dimensions 25 cm.
650 #0 - SUBJECT ADDED ENTRY--TOPICAL TERM
Topical term or geographic name entry element Tales
Geographic subdivision India
-- Rajasthan.

No items available.

Powered by Koha